<?xml version="1.0" encoding="UTF-8"?><?xml-stylesheet type="text/xsl" href="static/style.xsl"?><OAI-PMH xmlns="http://www.openarchives.org/OAI/2.0/" xmlns:xsi="http://www.w3.org/2001/XMLSchema-instance" xsi:schemaLocation="http://www.openarchives.org/OAI/2.0/ http://www.openarchives.org/OAI/2.0/OAI-PMH.xsd"><responseDate>2026-06-01T19:56:54Z</responseDate><request verb="GetRecord" identifier="oai:riuma.uma.es:10630/41030" metadataPrefix="marc">https://riuma.uma.es/rest/oai/request</request><GetRecord><record><header><identifier>oai:riuma.uma.es:10630/41030</identifier><datestamp>2026-02-03T11:15:06Z</datestamp><setSpec>com_10630_2254</setSpec><setSpec>col_10630_37953</setSpec></header><metadata><record xmlns="http://www.loc.gov/MARC21/slim" xmlns:dcterms="http://purl.org/dc/terms/" xmlns:doc="http://www.lyncode.com/xoai" xmlns:xsi="http://www.w3.org/2001/XMLSchema-instance" xsi:schemaLocation="http://www.loc.gov/MARC21/slim http://www.loc.gov/standards/marcxml/schema/MARC21slim.xsd">
   <leader>00925njm 22002777a 4500</leader>
   <datafield ind2=" " ind1=" " tag="042">
      <subfield code="a">dc</subfield>
   </datafield>
   <datafield ind2=" " ind1=" " tag="720">
      <subfield code="a">Barros, Fernando José S.</subfield>
      <subfield code="e">author</subfield>
   </datafield>
   <datafield ind2=" " ind1=" " tag="720">
      <subfield code="a">Cecilia-Buenestado, Juan Antonio</subfield>
      <subfield code="e">author</subfield>
   </datafield>
   <datafield ind2=" " ind1=" " tag="720">
      <subfield code="a">Moreno-Tost, Ramón</subfield>
      <subfield code="e">author</subfield>
   </datafield>
   <datafield ind2=" " ind1=" " tag="720">
      <subfield code="a">De Oliveira, Matheus F.</subfield>
      <subfield code="e">author</subfield>
   </datafield>
   <datafield ind2=" " ind1=" " tag="720">
      <subfield code="a">Rodríguez-Castellón, Enrique</subfield>
      <subfield code="e">author</subfield>
   </datafield>
   <datafield ind2=" " ind1=" " tag="720">
      <subfield code="a">Murilo T. Luna, Francisco</subfield>
      <subfield code="e">author</subfield>
   </datafield>
   <datafield ind2=" " ind1=" " tag="720">
      <subfield code="a">Vieira, Rodrigo S.</subfield>
      <subfield code="e">author</subfield>
   </datafield>
   <datafield ind2=" " ind1=" " tag="260">
      <subfield code="c">2020</subfield>
   </datafield>
   <datafield ind2=" " ind1=" " tag="520">
      <subfield code="a">Production of glycerol oligomers by heterogeneous catalysis is being studied as an option for valorization of this biodiesel by-product. In this study, the catalytic activity of dolomite and the effects of parameters such as catalyst loading, reaction temperature, and reaction time were evaluated. Reusability and stability test were also performed. The material was tested as-received and after a thermal treatment, being characterized by XRD, FTIR, N2 adsorption–desorption, SEM, CO2-TPD and TG/DTG. Reaction products were analyzed by GC-FID for oligomers composition and ICP to verify metallic species leaching. The thermal treatment led to a decrease of the particle size, increase of the specific surface area and improved basicity. Calcined dolomite showed better catalytic performance than natural dolomite, leading to almost 80% glycerol conversion and selectivities for diglycerol and triglycerol of 51% and 3%, respectively. Kinetic test revealed that the reaction is slow along the first hours and later the reaction rate increases. Ca and Mg are leached to the reaction medium but the catalyst could be reused up to 2 cycles, with similar diglycerol yield. The reaction conditions for this material are less severe than those reported previously, which added to the low cost and reusability capacity turns suitable for glycerol oligomerization process.</subfield>
   </datafield>
   <datafield ind1="8" ind2=" " tag="024">
      <subfield code="a">Waste and Biomass Valorization (2020) 11:1499–1512</subfield>
   </datafield>
   <datafield ind1="8" ind2=" " tag="024">
      <subfield code="a">https://hdl.handle.net/10630/41030</subfield>
   </datafield>
   <datafield ind1="8" ind2=" " tag="024">
      <subfield code="a">10.1007/s12649-018-0477-5</subfield>
   </datafield>
   <datafield tag="653" ind2=" " ind1=" ">
      <subfield code="a">Alcoholes</subfield>
   </datafield>
   <datafield tag="653" ind2=" " ind1=" ">
      <subfield code="a">Catálisis heterogénea</subfield>
   </datafield>
   <datafield ind2="0" ind1="0" tag="245">
      <subfield code="a">Glycerol Oligomerization Using Low Cost Dolomite Catalyst.</subfield>
   </datafield>
</record>
</metadata></record></GetRecord></OAI-PMH>